000 01390nam0a2200325 4500
001 RU\NLR\BIBL_A\022246151
005 20250625172438.0
010 _a978-5-209-12344-6
_9500
035 _a(NLR Aleph) 022246151
090 _a13175404
_c13175404
100 _a20240607d2024 |||y0rusy50 ca
101 0 _arus
102 _aRU
105 _ay z 000yy
181 0 _ai4
_baxxe
182 0 _an
200 1 _aМеждународно-правовые аспекты урегулирования территориальных претензий в Южно-Китайском море
_eмонография
_fЛо Лань
203 _aТекст
_bвизуальный
_cнепосредственный
210 _aМосква
_cРоссийский университет дружбы народов
_d2024
215 _a259, [2] с.
_d21
300 _aНа 4-й с. обл. авт.: Ло Лань, канд. юрид. наук, адвокат
320 _aБиблиогр.: с. 246-259 (101 назв.) и в подстроч. примеч.
607 _aЮжно-Китайское море
_xМеждународно-правовой режим
_92093016
_3RU\NLR\AUTH\661266662
686 1 _aХ912.52
700 0 _aЛо Лань
942 _cBOOK
980 _aNB